000 00706nam a22002177a 4500
008 130821s2008 xxu gr eng
020 _a9781416031413
040 _aCo-BoUCM
_bspa
041 0 0 _aeng
060 0 0 _aWF 145
100 1 _aMacIntyre, Neil R.
_9171965
245 1 0 _aMechanical ventilation
_cNeil R. MacIntyre, Richard D. Branson
250 _a2a. Ed.
260 _aSan Luis (Misuri, Estados Unidos)
_bSaunders, an imprint of Elsevier Inc.
_c2008
300 _axviii, 510 páginas
650 0 4 _aNeumología
_920263
650 0 4 _aRespiración artificial
_9100
650 0 4 _aRespiradores
_923662
650 0 4 _aTerapia respiratoria
_925394
942 _cLIBRO
_a15
_e2
_mM152
_2NLM
_hWF 145
_n0
999 _c92621
_d92621